000 00799nam a22002417a 4500
999 _c17237
_d17237
003 OSt
005 20190123104513.0
008 190123b ||||| |||| 00| 0 eng d
020 _a9781782422655
020 _a9781782422662
040 _aSEKU
050 _aR 856
_b.I9
100 _aIvanova, Elena P.
245 _aNew functional biomaterials for medicine and healthcare /
_cElena P. Ivanova, Kateryna Bazaka and Russell J. Crawford.
260 _aCambridge :
_bWoodhead Publishing Limited,
_c2014.
300 _a226 p. :
_bill.
440 _aWoodhead Publishing Series in Biomaterials :
_nNumber 67.
504 _aIncludes bibliographical references and index.
650 _aBiomedical materials
700 _aBazaka,Kateryna.
700 _aCrawford, Russel J.
942 _2lcc
_cGEN